Logo BPK

Biblioteka

Politechniki Koszalińskiej

Nieuczciwa lub zakazana reklama : (Rekord nr 41578)

Szczegóły MARC
000 -ETYKIETA REKORDU
podpole kontrolne o stałej długości 00843nam a2200277 i 4500
001 - NUMER KONTROLNY REKORDU
pole kontrolne bg
020 ## - MIĘDZYNARODOWY ZNORMALIZOWANY NUMER KSIĄŻKI - ISBN
ISBN 8372471754
040 ## - ŹRÓDŁO KATALOGOWANIA
Instytucja, która utworzyła rekord BPK
041 0# - KOD JĘZYKA
Kod języka tekstu pl
080 ## - UNIWERSALNA KLASYFIKACJA DZIESIĘTNA - UKD
UKD 347.7:659.1](438)
920 ## - Międzynarodowy znormalizowany numer książki – ISBN
ISBN 83-7247-175-4
008 - POLE O STAŁEJ DŁUGOŚCI - DANE KONTROLNE
podpole kontrolne o stałej długości s pl f |000 0 pol
100 1# - NAZWA OSOBOWA
Nazwa osobowa BIAŁECKI, Piotr
245 10 - TYTUŁ/ODPOWIEDZIALNOŚĆ
Tytuł Nieuczciwa lub zakazana reklama :
Ciąg dalszy tytułu nowe regulacje ustawowe, teksty aktów prawnych, wzory umów /
Pozostałe elementy strefy tytułu i oznaczenia odpowiedzialności Piotr Białecki, Hubert Tuchołka.
246 18 - WARIANT TYTUŁU
Tytuł Nieuczciwa reklama
260 ## - STREFA ADRESU WYDAWNICZEGO
Miejsce wydania Warszawa :
Nazwa wydawcy/dystrybutora C. H. Beck,
Data publikacji, dystrybucji/powstania dokumentu 2002.
300 ## - STREFA OPISU FIZYCZNEGO
Objętość XXVII, 270 s. ;
Rozmiary 22 cm.
490 1# - STREFA SERII I DOKUMENTU WIELOCZĘŚCIOWEGO - FORMA NIE DO WYSZUKIWANIA
Tytuł i oznaczenie odpowiedzialności serii Prawo dla Firm
500 ## - UWAGI OGÓLNE
Tekst uwagi Tyt. grzbiet.: Nieuczciwa reklama.
504 ## - UWAGA DOTYCZĄCA BIBLIOGRAFII
Informacje o bibliografii Bibliogr. Indeks.
650 #9 - HASŁO PRZEDMIOTOWE W FORMIE NAZWY OGÓLNEJ LUB JEDNOSTKOWEJ
Nazwa ogólna lub geograficzna Reklama
Określnik ogólny prawo
Określnik geograficzny Polska
Określnik chronologiczny stan na 2002 r.
655 ## - TERMIN INDEKSOWY - OKREŚLENIE RODZAJU/FORMY DOKUMENTU
Określenie rodzaju/formy dokumentu Podręczniki
700 1# - HASŁO DODATKOWE - NAZWA OSOBOWA
Nazwa osobowa TUCHOŁKA, Hubert
830 ## - HASŁO DODATKOWE SERII LUB DOKUMENTU WIELOCZĘŚCIOWEGO - TYTUŁ UJEDNOLICONY
Tytuł ujednolicony Prawo dla Firm
856 ## - LOKALIZACJA I DOSTĘP DO ELEKTRONICZNYCH DOKUMENTÓW ZDALNYCH
Link (URL) http://koha.tu.koszalin.pl/cgi-bin/koha/opac-detail.pl?biblionumber=41578
Tekst linku Katalog online BPK
942 ## - DODATKOWE ELEMENTY (KOHA)
Typ dokumentu Książka
Egzemplarze
Wycofany Status egzemplarza Uszkodzony Dostępność Lokalizacja stała Lokalizacja bieżąca Miejsce przechowywania Sygnatura Kod kreskowy Dział Typ dokumentu
      Tylko na miejscu Biblioteka Politechniki Koszalińskiej Biblioteka Politechniki Koszalińskiej Czytelnia Wydziałowa ul. Kwiatkowskiego 6e 63806 01767285 659 Reklama. Public relations Książka
© 2023 Biblioteka Politechniki Koszalińskiej :: KOHA